000 00594nam a2200229Ia 4500
003 OSt
005 20221007075404.0
006 a|||||r|||| 00| 0
007 ta
008 221006b |||||||| |||| 00| 0 eng d
024 _a17,853
037 _cTextual
040 _aFLL
_cFLL
_beng
041 _2eng
_aeng
082 _aY:45:61.2, N3
100 _aRao S.V. Au.
245 0 _aBaton and the pen
260 _aNew Delhi
_bKonark publishers pvt. ltd. India
_c1993
300 _a233p
_ccm.
942 _hY:45:61.2, N3
_cTEXL
_2CC
999 _c1155888
_d1155888